香港亿万富翁列传 (Record no. 15003)

000 -LEADER
fixed length control field 00410nam a22001697a 4500
003 - CONTROL NUMBER IDENTIFIER
control field MPLRDC
005 - DATE AND TIME OF LATEST TRANSACTION
control field 20220104123905.0
008 - FIXED-LENGTH DATA ELEMENTS--GENERAL INFORMATION
fixed length control field 210129b ||||| |||| 00| 0 eng d
082 ## - DEWEY DECIMAL CLASSIFICATION NUMBER
Classification number 782.886 WJX-2 c.2
100 ## - MAIN ENTRY--PERSONAL NAME
Personal name 王敬羲 等
245 ## - TITLE STATEMENT
Title 香港亿万富翁列传
Statement of responsibility, etc.
250 ## - EDITION STATEMENT
Edition statement 二版
260 ## - PUBLICATION, DISTRIBUTION, ETC.
Place of publication, distribution, etc.
Name of publisher, distributor, etc. 文艺书屋
Date of publication, distribution, etc. 1979
300 ## - PHYSICAL DESCRIPTION
Other physical details
650 ## - SUBJECT ADDED ENTRY--TOPICAL TERM
Topical term or geographic name entry element 香港传记
942 ## - ADDED ENTRY ELEMENTS (KOHA)
Koha item type Book
-- 782.886 WJX-2 c.2
Holdings
Withdrawn status Lost status Source of classification or shelving scheme Damaged status Not for loan Collection code Home library Current library Shelving location Date acquired Cost, normal purchase price Total Checkouts Total Renewals Full call number Barcode Date last seen Date last checked out Price effective from Koha item type Public note
            Malaysian Public Library, Research and Development Centre Malaysian Public Library, Research and Development Centre   10/12/2007 3.50   1 782.886 WJX-2 c.2 00015035 17/03/2021 24/08/2016 17/03/2021 Book mplrdc

© 2022. Malaysian Public Library, Research and Development Centre. All Right ReservedE-mailmplrdc@help.edu.my 

Powered by Koha